Países del Imperio Japonés - Estadísticas

Estadísticas generales
  • Esta prueba ha sido intentada 2.546 veces
  • La puntuación promedio es 23 de 27
Estadísticas de respuestas
% ocupado País % Correcto
30 China
99%
100 Corea del Norte
97%
100 Corea del Sur
97%
100 Indonesia
95%
< 1 Rusia
95%
100 Vietnam
95%
100 Laos
93%
100 Filipinas
91%
< 1 Australia (Isla de Navidad)
90%
100 Camboya
90%
< 1 India (Islas Andaman)
90%
100 Malasia
90%
(pasaje libre de tropas) Tailandia
89%
100 Taiwán
89%
< 1 Estados Unidos (algunas islas del Pacífico)
88%
100 Myanmar
86%
100 Singapur
86%
100 Japón
81%
90 Papua Nueva Guinea
80%
100 Brunéi
79%
100 Estados Federados de Micronesia
78%
20? Islas Salomón
76%
100 Islas Marshall
75%
100 Timor Oriental
74%
100 Palaos
73%
20? Kiribati
70%
100 Nauru
69%
No se encontraron pruebas coincidentes
Distribución de puntuación
Porcentaje de gente con cada puntuación
Porcentaje por número respondido
Historial de tus puntuaciones
No has intentado esta prueba.